| 000 | 00673nam a2200229Ia 4500 | ||
|---|---|---|---|
| 001 | 17410 | ||
| 003 | GE_BSU | ||
| 008 | 181216s||||||||xx |||||||||||||| ||und|| | ||
| 040 | _cGE_BSU | ||
| 080 | _a82-93:821.353.1-1 | ||
| 100 | _aპეტრიაშვილი,ვახტანგ | ||
| 245 | _aჩვენი ტყე | ||
| 245 | _bლექსები | ||
| 245 | _cრედ.:შ.აფხაიძე; მხატვ.:გ.ნათიძე | ||
| 260 | _a[თბილისი] | ||
| 260 | _bსაბლიტგამი | ||
| 260 | _c1953 | ||
| 300 | _a78გვ.;21სმ. | ||
| 300 | _eილ. | ||
| 653 | _aლექსები | ||
| 942 | _cBK | ||
| 999 |
_c50464 _d50464 |
||